000 00585nam a2200205Ia 4500
003 GCL
008 140319s9999 xx 000 0 ara d
040 _aGCL /
_cGCL
082 0 4 _aط
_b813.087
_bم ب
100 1 _aعصمت والى
245 1 0 _aبيت العائلة /
_cعصمت والى
700 1 _aمحمد صالح على
260 _a[S.N] :
_bالهيئة المصرية العامة للكتاب ،
_c1995
300 _a116 ص
490 _a
650 0 4 _aقصص البطولات
650 0 4 _aالاطفال
650 0 4 _aقصص الاطفال
942 _2ddc
_cBK
999 _c37003
_d37003